[Event "OP-2020-0-05048"]
[Site "LSS email"]
[Date "2020.11.05"]
[Round "?"]
[White "Carlsen, Jan"]
[Black "Glaubitz, Friedhelm"]
[Result "1/2-1/2"]
[WhiteElo "800"]
[BlackElo "2229"]
[PlyCount "63"]
[EventDate "2020.11.05"]
[EventType "tourn (corr)"]
[EventRounds "4"]
[EventCountry "GER"]
[SourceTitle "Corr 2024"]
[Source "ChessBase"]
[SourceDate "2023.10.19"]
[SourceVersion "1"]
[SourceVersionDate "2023.10.19"]
[SourceQuality "1"]

1. d4 Nf6 2. c4 e6 3. Nf3 d5 4. Nc3 Be7 5. Bf4 0-0 6. e3 Nbd7 7. c5 c6 8. h3 b6 9. b4 a5 10. a3 Ba6 11. Bxa6 Rxa6 12. 0-0 Qa8 13. Nd2 Qb7 14. Qc2 Rfa8 15. Ra2 axb4 16. axb4 Rxa2 17. Nxa2 Nf8 18. Rb1 Ng6 19. Bg3 h5 20. Bh2 b5 21. Nc3 h4 22. Qb2 Nd7 23. Ra1 Bf6 24. Rxa8+ Qxa8 25. Qa2 Qc8 26. f4 Ne7 27. Nf3 Nf5 28. Kf2 Be7 29. Ke2 Nf6 30. Kd3 Kh7 31. Ng5+ Kg8 32. Qa7 1/2-1/2

[Event "OP-2020-0-05048"]
[Site "LSS email"]
[Date "2020.11.05"]
[Round "?"]
[White "Schroeder, Christoph"]
[Black "Glaubitz, Friedhelm"]
[Result "1/2-1/2"]
[WhiteElo "2300"]
[BlackElo "2229"]
[PlyCount "73"]
[EventDate "2020.11.05"]
[EventType "tourn (corr)"]
[EventRounds "4"]
[EventCountry "GER"]
[SourceTitle "Corr 2024"]
[Source "ChessBase"]
[SourceDate "2023.10.19"]
[SourceVersion "1"]
[SourceVersionDate "2023.10.19"]
[SourceQuality "1"]

1. e4 c6 2. d4 d5 3. e5 Bf5 4. h4 h5 5. Bd3 Bxd3 6. Qxd3 e6 7. Bg5 Qa5+ 8. Nd2 c5 9. Ngf3 Nc6 10. 0-0 cxd4 11. Nb3 Qa6 12. Qxa6 bxa6 13. Rac1 f6 14. c4 dxc3 15. Rxc3 Nxe5 16. Nxe5 fxe5 17. Rfc1 Ne7 18. Nc5 d4 19. Rb3 Nd5 20. Nxa6 Kf7 21. Rb7+ Kg6 22. Rc6 d3 23. Rd7 Kf5 24. Kf1 Re8 25. Rf7+ Nf6 26. Rxa7 Be7 27. a4 Nd5 28. Bxe7 Rxe7 29. Rxe7 Nxe7 30. Rc4 e4 31. Nc5 Rb8 32. Rxe4 d2 33. Ke2 Nd5 34. Re5+ Kxe5 35. Nd7+ Kd6 36. Nxb8 Kc7 37. Na6+ 1/2-1/2

[Event "SA-2017-0-00608"]
[Site "LSS email"]
[Date "2017.11.20"]
[Round "?"]
[White "Glaubitz, Friedhelm"]
[Black "Chernov, Igor"]
[Result "1-0"]
[WhiteElo "2221"]
[BlackElo "2169"]
[PlyCount "93"]
[EventDate "2017.10.30"]
[EventType "tourn (corr)"]
[EventRounds "6"]
[EventCountry "GER"]
[SourceTitle "Corr 2022"]
[Source "ChessBase"]
[SourceDate "2021.10.24"]
[SourceVersion "1"]
[SourceVersionDate "2021.10.24"]
[SourceQuality "1"]

1. Nf3 Nf6 2. g3 e6 3. Bg2 d5 4. 0-0 c5 5. c4 Be7 6. cxd5 exd5 7. d4 0-0 8. Nc3 Nc6 9. Bg5 c4 10. Ne5 Be6 11. b3 cxb3 12. Nxc6 bxc6 13. axb3 h6 14. Bxf6 Bxf6 15. Na4 Qd6 16. Qd3 g6 17. e3 h5 18. Nc5 Be7 19. Nxe6 Qxe6 20. Rfc1 Qd7 21. Ra6 Rac8 22. e4 h4 23. e5 hxg3 24. Qxg3 Qb7 25. Bf1 Rc7 26. f4 Rb8 27. Rc3 Qc8 28. Bd3 Bb4 29. Rc1 Bf8 30. f5 Rxb3 31. fxg6 fxg6 32. Rf1 Rg7 33. Rf6 Rb6 34. Ra1 c5 35. Kh1 cxd4 36. Rg1 Qc7 37. Qg5 Bc5 38. Bxg6 d3 39. Rgf1 d4 40. e6 d2 41. Bf7+ Kf8 42. Qh5 Qb7+ 43. R6f3 Bb4 44. Bg6+ Ke7 45. Qh4+ Kd6 46. Qf4+ Kc5 47. Be4 1-0

[Event "SA-2017-0-00606"]
[Site "LSS email"]
[Date "2017.11.09"]
[Round "?"]
[White "Glaubitz, Friedhelm"]
[Black "Koch, Christian"]
[Result "1/2-1/2"]
[WhiteElo "2221"]
[BlackElo "2284"]
[PlyCount "54"]
[EventDate "2017.10.19"]
[EventType "tourn (corr)"]
[EventRounds "6"]
[EventCountry "GER"]
[SourceTitle "Corr 2022"]
[Source "ChessBase"]
[SourceDate "2021.10.24"]
[SourceVersion "1"]
[SourceVersionDate "2021.10.24"]
[SourceQuality "1"]

1. e4 c5 2. Nf3 d6 3. d4 cxd4 4. Nxd4 Nf6 5. Nc3 a6 6. Be2 e5 7. Nb3 Be7 8. 0-0 0-0 9. Be3 Be6 10. Qd2 Nbd7 11. a4 Rc8 12. a5 h6 13. Rfd1 Qc7 14. Rdc1 Qc6 15. Bf3 Nh7 16. g3 Bg5 17. Bxg5 Nxg5 18. Bg2 Bh3 19. Qd5 Qc7 20. Bxh3 Nxh3+ 21. Kg2 Nf6 22. Qd3 Qd7 23. Nd2 Rfd8 24. f3 d5 25. Nxd5 Nxd5 26. exd5 Qxd5 27. Qxd5 Rxd5 1/2-1/2

[Event "SA-2017-0-00606"]
[Site "LSS email"]
[Date "2017.11.09"]
[Round "?"]
[White "Susla, Vitaliy"]
[Black "Glaubitz, Friedhelm"]
[Result "1/2-1/2"]
[WhiteElo "2354"]
[BlackElo "2221"]
[PlyCount "74"]
[EventDate "2017.10.19"]
[EventType "tourn (corr)"]
[EventRounds "6"]
[EventCountry "GER"]
[SourceTitle "Corr 2022"]
[Source "ChessBase"]
[SourceDate "2021.10.24"]
[SourceVersion "1"]
[SourceVersionDate "2021.10.24"]
[SourceQuality "1"]

1. d4 Nf6 2. c4 e6 3. Nf3 d5 4. Nc3 c6 5. e3 Nbd7 6. Qc2 Bd6 7. b3 0-0 8. Be2 b6 9. 0-0 Bb7 10. Bb2 Qe7 11. Rad1 Rad8 12. Rfe1 Rfe8 13. Bf1 e5 14. dxe5 Nxe5 15. Nxe5 Bxe5 16. cxd5 cxd5 17. Nb5 Rc8 18. Qb1 d4 19. h3 Ne4 20. Nxd4 Qf6 21. f3 Nc3 22. Bxc3 Rxc3 23. Nb5 Rc5 24. b4 Rc6 25. f4 Bb8 26. Nd4 Rc3 27. Qb2 Rc7 28. Qd2 h6 29. g3 a6 30. b5 axb5 31. Bxb5 Ree7 32. Bf1 Rc8 33. Bg2 Bd6 34. Nc6 Bxc6 35. Qxd6 Re6 36. Qd4 Qxd4 37. Rxd4 Bxg2 1/2-1/2

[Event "SA-2016-0-00503"]
[Site "LSS email"]
[Date "2016.01.18"]
[Round "?"]
[White "Glaubitz, Friedhelm"]
[Black "Oliveira, Diogo"]
[Result "1/2-1/2"]
[WhiteElo "2199"]
[BlackElo "2266"]
[PlyCount "60"]
[EventDate "2015.12.06"]
[EventType "tourn (corr)"]
[EventRounds "6"]
[EventCountry "GER"]
[SourceTitle "Corr 2022"]
[Source "ChessBase"]
[SourceDate "2021.10.24"]
[SourceVersion "1"]
[SourceVersionDate "2021.10.24"]
[SourceQuality "1"]

1. d4 d5 2. c4 dxc4 3. Nf3 Nf6 4. e3 e6 5. Bxc4 a6 6. 0-0 Nbd7 7. Re1 b5 8. Bd3 c5 9. a4 c4 10. Be2 Bb7 11. b3 cxb3 12. axb5 axb5 13. Rxa8 Qxa8 14. Bxb5 Bb4 15. Bd2 Bd6 16. Ne5 0-0 17. Nxd7 Nxd7 18. Bxd7 Bxg2 19. e4 Bxe4 20. Qxb3 Rb8 21. Bb5 Bf5 22. d5 Qa7 23. dxe6 fxe6 24. Rxe6 Bxh2+ 25. Kg2 Bxe6 26. Qxe6+ Qf7 27. Bc4 Qxe6 28. Bxe6+ Kf8 29. Kxh2 Rxb1 30. Be3 h6 1/2-1/2

[Event "SA-2016-0-00503"]
[Site "LSS email"]
[Date "2016.01.18"]
[Round "?"]
[White "Susla, Vitaliy"]
[Black "Glaubitz, Friedhelm"]
[Result "1-0"]
[WhiteElo "2290"]
[BlackElo "2199"]
[PlyCount "149"]
[EventDate "2015.12.06"]
[EventType "tourn (corr)"]
[EventRounds "6"]
[EventCountry "GER"]
[SourceTitle "Corr 2022"]
[Source "ChessBase"]
[SourceDate "2021.10.24"]
[SourceVersion "1"]
[SourceVersionDate "2021.10.24"]
[SourceQuality "1"]

1. e4 e5 2. Nf3 Nc6 3. Bb5 a6 4. Ba4 Nf6 5. 0-0 Be7 6. Re1 b5 7. Bb3 0-0 8. a4 Bb7 9. d3 d6 10. Nbd2 Na5 11. Ba2 c5 12. Nf1 b4 13. c3 bxc3 14. bxc3 c4 15. Ng3 cxd3 16. Qxd3 Bc8 17. Ba3 g6 18. Nf1 Qc7 19. Ne3 Bb7 20. Nd2 Kg7 21. Reb1 Bc6 22. Bb4 Ra7 23. f3 Rd8 24. Rd1 Nb7 25. Qc4 Bf8 26. a5 Nc5 27. Qe2 d5 28. exd5 Nxd5 29. Nxd5 Bxd5 30. Nc4 f6 31. Nxe5 Bxa2 32. Rxd8 Qxd8 33. Nc6 Qd7 34. Nxa7 Bf7 35. Nb5 axb5 36. a6 Qa7 37. Qe3 h5 38. Qd4 Be6 39. Re1 Qb6 40. h3 Qc7 41. c4 Bxc4 42. Bc3 Nd7 43. a7 Bc5 44. a8Q Bxd4+ 45. Bxd4 Qd6 46. Ba1 Bf7 47. Qd8 Qb6+ 48. Qxb6 Nxb6 49. Re7 Nd5 50. Rb7 h4 51. Rxb5 g5 52. Bd4 Kg6 53. Rc5 Kf5 54. Kf2 Kf4 55. Ra5 Kf5 56. Bc3 Kf4 57. Bd2+ Ke5 58. Ke2 Bg6 59. Bc3+ Ke6 60. Rxd5 Kxd5 61. Bxf6 g4 62. fxg4 Ke6 63. Bxh4 Be4 64. Kf2 Bc6 65. Bg5 Kf7 66. h4 Kg6 67. Be3 Bd7 68. h5+ Kh7 69. Kg3 Be8 70. Kh4 Bc6 71. g5 Be8 72. g6+ Bxg6 73. hxg6+ Kxg6 74. g4 Kf6 75. Kh5 1-0

[Event "SA-2015-0-00500"]
[Site "LSS email"]
[Date "2015.12.17"]
[Round "?"]
[White "Glaubitz, Friedhelm"]
[Black "Rudolf, Michal"]
[Result "1-0"]
[WhiteElo "2199"]
[BlackElo "2207"]
[PlyCount "77"]
[EventDate "2015.11.17"]
[EventType "tourn (corr)"]
[EventRounds "6"]
[EventCountry "GER"]
[SourceTitle "Corr 2022"]
[Source "ChessBase"]
[SourceDate "2021.10.24"]
[SourceVersion "1"]
[SourceVersionDate "2021.10.24"]
[SourceQuality "1"]

1. Nf3 d5 2. g3 c6 3. Bg2 Bg4 4. 0-0 Nd7 5. d3 Ngf6 6. Nbd2 e5 7. e4 dxe4 8. dxe4 Qc7 9. h3 Bh5 10. Qe2 Bc5 11. a4 0-0 12. Rd1 Rfd8 13. Nb3 a5 14. Bd2 Bb4 15. Bxb4 axb4 16. Qc4 c5 17. g4 Bg6 18. Nh4 Ne8 19. Nf5 Ra6 20. Qe2 Raa8 21. Ne3 Kh8 22. a5 f6 23. Nd5 Qc6 24. a6 Rxa6 25. Ne7 Qc7 26. Rxa6 bxa6 27. Qxa6 Bf7 28. Qb5 h6 29. Bf1 Nf8 30. Rxd8 Qxd8 31. Qxc5 Ne6 32. Qxb4 Nd6 33. Nc6 Qd7 34. Nba5 Bg6 35. Qb8+ Ne8 36. Qb5 Bxe4 37. Nxe5 Qxb5 38. Bxb5 Nd6 39. Bc4 1-0

[Event "SA-2015-0-00498"]
[Site "LSS email"]
[Date "2015.11.30"]
[Round "?"]
[White "Glaubitz, Friedhelm"]
[Black "Davydov, Andrej"]
[Result "1/2-1/2"]
[WhiteElo "2199"]
[BlackElo "2022"]
[PlyCount "83"]
[EventDate "2015.11.01"]
[EventType "tourn (corr)"]
[EventRounds "6"]
[EventCountry "GER"]
[SourceTitle "Corr 2022"]
[Source "ChessBase"]
[SourceDate "2021.10.24"]
[SourceVersion "1"]
[SourceVersionDate "2021.10.24"]
[SourceQuality "1"]

1. d4 d5 2. c4 c6 3. Nc3 Nf6 4. e3 e6 5. Nf3 Nbd7 6. Bd3 dxc4 7. Bxc4 b5 8. Bd3 a6 9. e4 c5 10. d5 Qc7 11. 0-0 Bb7 12. dxe6 fxe6 13. Bc2 Bd6 14. Ng5 Nf8 15. f4 h6 16. e5 0-0-0 17. Nf7 Qxf7 18. exd6 Qd7 19. Be3 Qc6 20. Qe2 Rxd6 21. Rac1 N8d7 22. a4 b4 23. Nb1 g5 24. Nd2 gxf4 25. Bxf4 Rg8 26. Nf3 Rd5 27. Rf2 Ng4 28. Rff1 Ngf6 29. Bg3 Nh5 30. Be4 Nxg3 31. hxg3 Qd6 32. Rf2 Kb8 33. Bxd5 Bxd5 34. Re1 h5 35. a5 Kc7 36. Nd2 Qxg3 37. Nf1 Qg4 38. Qxg4 hxg4 39. Ne3 g3 40. Nxd5+ exd5 41. Rf5 Kd6 42. b3 1/2-1/2

[Event "SA-2015-0-00498"]
[Site "LSS email"]
[Date "2015.11.30"]
[Round "?"]
[White "Glaubitz, Friedhelm"]
[Black "Koch, Christian"]
[Result "1/2-1/2"]
[WhiteElo "2199"]
[BlackElo "2275"]
[PlyCount "86"]
[EventDate "2015.11.01"]
[EventType "tourn (corr)"]
[EventRounds "6"]
[EventCountry "GER"]
[SourceTitle "Corr 2022"]
[Source "ChessBase"]
[SourceDate "2021.10.24"]
[SourceVersion "1"]
[SourceVersionDate "2021.10.24"]
[SourceQuality "1"]

1. d4 Nf6 2. c4 g6 3. Nc3 Bg7 4. e4 d6 5. Nf3 0-0 6. Be2 e5 7. Be3 Ng4 8. Bg5 f6 9. Bh4 g5 10. Bg3 Nh6 11. d5 f5 12. exf5 Nxf5 13. Nd2 Nd4 14. 0-0 Bf5 15. Nde4 Nd7 16. Bg4 Bg6 17. Bh5 Bf5 18. Bg4 Bg6 19. Bh5 Bf5 20. Re1 a6 21. Bg4 Bg6 22. f3 Nf6 23. Nxf6+ Qxf6 24. Ne4 Qe7 25. Bf2 h5 26. Bh3 Rae8 27. Bxd4 exd4 28. Be6+ Kh8 29. a4 c5 30. a5 Rb8 31. Kh1 b6 32. axb6 Rxb6 33. b3 Rfb8 34. Ra3 a5 35. Nd2 Be5 36. Rxa5 h4 37. f4 Bxf4 38. Bf5 Qh7 39. Bxg6 Qxg6 40. Re6 Qh7 41. h3 g4 42. hxg4 h3 43. g3 Bxd2 1/2-1/2

[Event "SA-2015-0-00498"]
[Site "LSS email"]
[Date "2015.11.29"]
[Round "?"]
[White "Kazimierski, Tomasz"]
[Black "Glaubitz, Friedhelm"]
[Result "1/2-1/2"]
[WhiteElo "2161"]
[BlackElo "2199"]
[PlyCount "87"]
[EventDate "2015.11.01"]
[EventType "tourn (corr)"]
[EventRounds "6"]
[EventCountry "GER"]
[SourceTitle "Corr 2022"]
[Source "ChessBase"]
[SourceDate "2021.10.24"]
[SourceVersion "1"]
[SourceVersionDate "2021.10.24"]
[SourceQuality "1"]

1. d4 Nf6 2. c4 e6 3. Nf3 d5 4. Nc3 c6 5. Bg5 Be7 6. e3 Nbd7 7. Bd3 0-0 8. 0-0 dxc4 9. Bxc4 Nd5 10. Bxe7 Qxe7 11. Re1 Nxc3 12. bxc3 e5 13. a4 e4 14. Nd2 Nf6 15. a5 Bf5 16. Qa4 c5 17. Reb1 Rfc8 18. Qa2 a6 19. Rb2 Rc7 20. Rab1 Rd8 21. Qa3 Bc8 22. Nb3 h5 23. Ra1 Nd7 24. Bf1 Rc6 25. Qa2 Qg5 26. Qb1 Re8 27. Ra4 Rd6 28. Rc4 Rd5 29. Rd2 Rf5 30. Qb2 h4 31. h3 Qe7 32. Qc1 Rg5 33. Kh1 Kh7 34. Qd1 g6 35. Be2 Kh6 36. Bg4 f5 37. f4 exf3 38. Bxf3 Rg3 39. Nxc5 Qxe3 40. Rd3 Qe1+ 41. Qxe1 Rxe1+ 42. Kh2 g5 43. Ne6 Rxe6 44. Rxc8 1/2-1/2

[Event "IECG WC.2008.S.00003"]
[Site "IECG email"]
[Date "2005.07.17"]
[Round "?"]
[White "Glaubitz, Friedhelm"]
[Black "Braun, Ingram H"]
[Result "0-1"]
[WhiteElo "2260"]
[BlackElo "2289"]
[PlyCount "52"]
[EventDate "2005.07.17"]
[EventType "tourn (corr)"]
[EventRounds "6"]
[SourceTitle "Corr 2008"]
[Source "ChessBase"]
[SourceDate "2008.06.24"]
[SourceVersion "1"]
[SourceVersionDate "2008.06.24"]
[SourceQuality "1"]

1. c4 Nf6 2. d4 c6 3. Nc3 d5 4. Nf3 e6 5. e3 Nbd7 6. Bd3 dxc4 7. Bxc4 b5 8. Bd3 b4 9. Ne4 Nxe4 10. Bxe4 Bb7 11. 0-0 Bd6 12. a3 bxa3 13. bxa3 0-0 14. Qc2 f5 15. Bxc6 Rc8 16. Qb3 Bxh2+ 17. Nxh2 Bxc6 18. Qxe6+ Kh8 19. Qd6 Rf6 20. Qf4 Nb6 21. Re1 Nd5 22. Qh4 Nc3 23. f3 Bb5 24. Bd2 Ne2+ 25. Kf2 Qc7 26. Nf1 Rh6 0-1

[Event "IECG WC.2008.S.00003"]
[Site "IECG email"]
[Date "2005.07.17"]
[Round "?"]
[White "Glaubitz, Friedhelm"]
[Black "Percze, Rajmond"]
[Result "0-1"]
[WhiteElo "2260"]
[BlackElo "2242"]
[PlyCount "44"]
[EventDate "2005.07.17"]
[EventType "tourn (corr)"]
[EventRounds "6"]
[SourceTitle "Corr 2008"]
[Source "ChessBase"]
[SourceDate "2008.06.24"]
[SourceVersion "1"]
[SourceVersionDate "2008.06.24"]
[SourceQuality "1"]

1. c4 f5 2. d4 Nf6 3. Nc3 g6 4. Nf3 Bg7 5. e3 0-0 6. Be2 d6 7. b4 e5 8. dxe5 Nfd7 9. Bb2 Nxe5 10. Nxe5 Bxe5 11. Qd5+ Kh8 12. 0-0 Qe7 13. Qd2 Qg7 14. Rab1 Nc6 15. Nd5 Nd8 16. a4 Ne6 17. Rfd1 Bxb2 18. Rxb2 a5 19. b5 b6 20. Bf3 Bb7 21. Ra2 Rae8 22. h4 Nc5 0-1